| 000 | 00000nam 2200000zi 4500 |
| 001 | 9.947105 |
| 003 | CaOODSP |
| 005 | 20250501131651 |
| 006 | m o d f |
| 007 | cr cn||||||||| |
| 008 | 250120t20252025oncabd osb f000 0 fre d |
| 020 | |a9780660753201 |
| 040 | |aCaOODSP|bfre|erda|cCaOODSP |
| 043 | |an-cn--- |
| 086 | 1 |aCS11-627/2025-20F-PDF |
| 245 | 03|aLe revenu des canadiennes et canadiens, 2023. |
| 264 | 1|a[Ottawa] : |bStatistique Canada = Statistics Canada, |c[2025] |
| 264 | 4|c©2025 |
| 300 | |a1 ressource en ligne (1 page non numérotée) : |billustrations, cartes, graphiques |
| 336 | |atexte|btxt|2rdacontent/fre |
| 337 | |ainformatique|bc|2rdamedia/fre |
| 338 | |aressource en ligne|bcr|2rdacarrier/fre |
| 500 | |aTitre de départ. |
| 500 | |aPublié aussi en anglais sous le titre : Income of Canadians, 2023. |
| 504 | |aComprend des références bibliographiques. |
| 520 | |a« Revenu médian après impôt des familles et des personnes seules, 2023 » -- Page [1]. |
| 650 | 6|aRevenu|zCanada|vStatistiques. |
| 650 | 6|aRevenu|xRépartition|zCanada|vStatistiques. |
| 650 | 6|aSécurité économique|zCanada|vStatistiques. |
| 655 | 7|aStatistiques|2rvmgf |
| 655 | 7|aInfographies|2rvmgf |
| 710 | 2 |aStatistique Canada, |eorganisme de publication. |
| 775 | 08|tIncome of Canadians, 2023.|w(CaOODSP)9.947104 |
| 856 | 40|qPDF|s681 Ko|uhttps://publications.gc.ca/collections/collection_2025/statcan/11-627-m/11-627-m2025020-fra.pdf |
| 856 | 4 |qHTML|sS.O.|uhttps://www150.statcan.gc.ca/n1/pub/11-627-m/11-627-m2025020-fra.htm |
| 986 | |a11-627-M |